Baldur's Gate 3 Characters - Statistics

General Stats
  • This quiz has been taken 104 times
  • The average score is 14 of 27
Answer Stats
Answer % Correct
Astarion
96%
Gale
96%
Shadowheart
96%
Karlach
94%
Lae'zel
91%
Wyll
91%
Halsin
86%
Minthara
84%
Jaheira
73%
Minsc
70%
Scratch
54%
Raphael
48%
Isobel
44%
Mizora
44%
The Emperor
44%
Dame Aylin
40%
Withers
36%
Volo
35%
Owlbear Cub
34%
Alfira
31%
Arabella
25%
Boo
11%
Tara
11%
Counselor Florrick
8%
Ulder Ravengard
8%
Us
5%
Haarlep
4%
No matching quizzes found
Score Distribution
Percent of People with Each Score
Percentile by Number Answered
Your Score History
You have not taken this quiz